| 000 | 01193nam a22003017a 4500 | ||
|---|---|---|---|
| 999 |
_c27970 _d27941 |
||
| 003 | EG-ScBUE | ||
| 005 | 20200128105555.0 | ||
| 008 | 200128s2003 cc f 000 0 ara d | ||
| 040 |
_aEG-ScBUE _bara _erda _cEG-ScBUE _dEG-ScBUE |
||
| 043 | _aa-cc--- | ||
| 082 | 0 | 4 |
_a782.10951 _bي ا ن _222 |
| 100 | 1 |
_aيان، ليانغ، _eمؤلف. |
|
| 245 | 1 | 0 |
_aكتاب تمهيدى لأوبرا بكين / _cد. ليانغ يان ؛ [ترجمة] حسين إسماعيل. |
| 250 | _aالطبعة الأولى. | ||
| 264 | 1 |
_aبكين، الصين : _bدار النشر باللغات الأجنبية، _c2003. |
|
| 300 |
_a71 صفحة : _bصور ؛ _c20 سم |
||
| 336 |
_2rdacontent _aنص _btxt |
||
| 337 |
_2rdamedia _aبدون وسيط _bn |
||
| 338 |
_2rdacarrier _aمجلد _bnc |
||
| 541 |
_aالمركز الثقافي الصيني بالقاهرة ؛ _cإهداء |
||
| 546 | _aالنص باللغة العربية وقد تم ترجمته من اللغة الصينية. | ||
| 650 | 7 |
_aالأوبرا _zالصين _zبكين. _2BUEsh |
|
| 651 | _2BUEsh | ||
| 653 |
_bGGEN _cJanuary2020 |
||
| 655 | _vReading book | ||
| 700 | 1 |
_aإسماعيل، حسين، _eمترجم. |
|
| 942 | _2ddc | ||